| 000 | 01775cam a22004934i 4500 | ||
|---|---|---|---|
| 003 | PE-LiUPU | ||
| 005 | 20250731173017.0 | ||
| 008 | 150623s r 000 0 d | ||
| 020 | _a1573122920 | ||
| 035 | _a(Sirsi) i9781573122924 | ||
| 040 |
_aPE-LiUPU _bspa _cPE-LiUPU _erda |
||
| 049 | _aPRUA | ||
| 082 | 0 | 4 |
_a232.96 _bD32 _221 |
| 100 | 1 |
_aDavies, Gwynne Henton, _eautor. |
|
| 245 | 1 | 4 |
_aThe last seven days : _bthe story of Jesus and Holy Week / _cG. Henton Davies, J.E. Morgan-Wynne. |
| 264 | 1 |
_aMacon, Georgia : _bSmyth and Helwys Publishing, Inc., _c1999. |
|
| 300 |
_a210 páginas ; _c23 centímetros |
||
| 336 |
_atext _2rdacontent |
||
| 337 |
_aunmediated _2rdamedia |
||
| 338 |
_avolume _2rdacarrier |
||
| 490 | 0 |
_aRegents's Study Guides ; _v7 |
|
| 504 | _aIncluye bibliografía. | ||
| 505 | 0 | _aThe first four days of the week. -The last twenty four hours of Jesus's life: during the fifth and sixth days. -The seventh day of the week. The point of the story. | |
| 526 | _aSEG42 | ||
| 526 | _aSEG41 | ||
| 526 | _aSEG40 | ||
| 526 | _aSEG39 | ||
| 526 | _aP94 | ||
| 526 | _aP87 | ||
| 526 | _aP86 | ||
| 526 | _aP85 | ||
| 526 | _aP77 | ||
| 526 | _aP76 | ||
| 526 | _aP35 | ||
| 650 | 0 | 4 |
_aPasión de Jesús (Evangelios) _xhistoria y crítica. |
| 650 | 0 | 4 | _aPasión de Jesús. |
| 700 | 1 |
_aMorgan-Wynne, J. E., _eautor. |
|
| 942 |
_2ddc _cBOOK |
||
| 949 |
_a232.96 D32 _wDEWEY _c1 _i47317 _lCCODEBUL1 _mBUL _r0 _sY _tBOOK _u2015-6-24 _xTEOLOGIA _PP35 _0COMPRA _o.STAFF. Colección General |
||
| 994 |
_aC0 _bPEPRU |
||
| 596 | _a1 | ||
| 999 |
_a232.96 D32 _wDEWEY _c23867 _i47317 _f2021-11-10 _g5 _lCCODEBUL1 _mBUL _r0 _sY _tBOOK _u2015-6-24 _xTEOLOGIA _PP35 _0COMPRA _o.STAFF. Colección General _d23867 |
||
| 980 |
_81 _gALBERTO SANCHEZ Responsable de Automatización |
||